Zircon from granitoid rocks of the Tríbeč-Zobor crystalline complex: its typology, chemical and isotopic composition

Bibliographic Details
Main Authors: Broska, Igor, 1955- (Author), Bibiková, Elena V. (Author), Gračeva, Taťjana V. (Author), Makarov, Vjačeslav A. (Author), Caňo, František, 1944- (Author)
Format: Article
Language:English
PhysicalDescription:Obr. 5. Tb. 4. Res. angl., rus., lit. 18 zázn. v slov., angl.
Subjects:

MARC

LEADER 00000nab a2200000 a 4500
001 vtls000469847
003 SK-MaSNL
005 20260318140828.0
008 230217c1990 xo 0 eng
015 |a SNBRB19rr/mm-uuuuu 
035 |a CL0469980 
035 |a urn:nbn:sk:snk-ab79aa 
035 |a (uuid)bb32db9a-0c99-435b-a34e-6af163b0b588 
035 |a (urnnbn)urn:nbn:sk:snk:ar-a079gy 
035 |a (sysno)vtls000469847 
040 |a SNKBUCL  |b slo  |c SNKBUCL  |e AACR2 
041 0 |a eng 
044 |a xo  |c SK 
080 |a 549.514.81:552.321  |2 1981 
080 |a 552.321  |2 1981 
245 0 0 |a Zircon from granitoid rocks of the Tríbeč-Zobor crystalline complex: its typology, chemical and isotopic composition  |c Igor Broska ... [et al.] 
300 |b Obr. 5. Tb. 4. Res. angl., rus., lit. 18 zázn. v slov., angl. 
650 0 7 |a zirkón  |2 snkbucl  |9 162441 
650 0 7 |a granitoidy  |2 snkbucl  |9 15973 
651 7 |a Tribeč (Slovensko : pohorie)  |2 snkbucl  |9 164699 
651 7 |a Zobor (Tribeč, Slovensko : vrch)  |2 snkbucl  |9 83955 
655 7 |a články z novín a časopisov  |2 snkbucl  |9 267496 
700 1 |a Broska, Igor,  |d 1955-  |4 aut  |9 115001 
700 1 |a Bibiková, Elena V.  |4 aut  |9 1154681 
700 1 |a Gračeva, Taťjana V.  |4 aut  |9 1154682 
700 1 |a Makarov, Vjačeslav A.  |4 aut  |9 1154683 
700 1 |a Caňo, František,  |d 1944-  |4 aut  |9 10785 
773 0 |t Geologický zborník  |g Roč. 41, č. 3 (1990), s. 393-406 
850 |a Slovenská národná knižnica v Martine  |a MTA001 
852 |a SNK  |b KIS3GCP 
958 |a RK 
958 |a NB 
958 |a OND 
958 |a EUIPO 
958 |a article27 
992 |a RBX 
999 |c 1960710  |d 1962640